Stray kids mvs - Statistics

General Stats
  • This quiz has been taken 630 times
    103 since last reset
  • The average score is 23 of 29
Answer Stats
Picture Answer % Correct
Back Door
96%
Case 143
96%
Circus
96%
Thunderous
96%
Chk Chk Boom
95%
Gods Menu
95%
S-Class
95%
Ceremony
93%
Do It
93%
Christmas EveL
92%
Lalalala
92%
Megaverse
92%
Maniac
88%
Venom
88%
JJam
82%
Red Lights
81%
Domino
77%
Miroh
77%
My Pace
77%
Cheese
76%
District 9
74%
Divine
74%
Hellevator
73%
Walkin On Water
73%
Drive
64%
Freeze
64%
Easy
49%
Side Effects
38%
All in
26%
No matching quizzes found
Score Distribution
Percent of People with Each Score
Percentile by Number Answered
Your Score History
You have not taken this quiz since the last reset